Archaeology and emerging kabikolan (Record no. 5200)
[ view plain ]
| 000 -LEADER | |
|---|---|
| fixed length control field | 00907nam a22002657a 4500 |
| 005 - DATE AND TIME OF LATEST TRANSACTION | |
| control field | 20230512222233.0 |
| 008 - FIXED-LENGTH DATA ELEMENTS--GENERAL INFORMATION | |
| fixed length control field | 180606t xxu||||| |||| 00| 0 eng d |
| 020 ## - INTERNATIONAL STANDARD BOOK NUMBER | |
| International Standard Book Number | 9789715426947 |
| 040 ## - CATALOGING SOURCE | |
| Transcribing agency | CSPC |
| 082 0# - DEWEY DECIMAL CLASSIFICATION NUMBER | |
| Classification number | 959.915 |
| Item number | R127a |
| 100 ## - MAIN ENTRY--PERSONAL NAME | |
| Personal name | Ragragio, Andrea Malaya M., |
| Relator term | author. |
| 245 00 - TITLE STATEMENT | |
| Title | Archaeology and emerging kabikolan |
| Statement of responsibility, etc. | Andrea Malaya M. Ragragio |
| 260 ## - PUBLICATION, DISTRIBUTION, ETC. | |
| Place of publication, distribution, etc. | Quezon City: |
| Name of publisher, distributor, etc. | University of the Philippines Press, |
| Date of publication, distribution, etc. | 2012. |
| 300 ## - PHYSICAL DESCRIPTION | |
| Extent | xiv, 260 pages : |
| Other physical details | figures, |
| Dimensions | 23 cm. |
| 500 ## - GENERAL NOTE | |
| General note | Includes Index, |
| 504 ## - BIBLIOGRAPHY, ETC. NOTE | |
| Bibliography, etc. note | Includes Bibliographical References pages (223-245). |
| 546 ## - LANGUAGE NOTE | |
| Language note | English |
| 650 10 - SUBJECT ADDED ENTRY--TOPICAL TERM | |
| Topical term or geographic name entry element | Archaeology and history |
| Chronological subdivision | Philippines |
| Geographic subdivision | Bikol. |
| 650 10 - SUBJECT ADDED ENTRY--TOPICAL TERM | |
| Topical term or geographic name entry element | Bikol (Philippines) |
| General subdivision | History. |
| 650 10 - SUBJECT ADDED ENTRY--TOPICAL TERM | |
| Topical term or geographic name entry element | Archaeology |
| Chronological subdivision | Philippines |
| Geographic subdivision | Bikol. |
| 940 ## - EQUIVALENCE OR CROSS-REFERENCE--UNIFORM TITLE [OBSOLETE] [CAN/MARC only] | |
| Uniform title | <a href="Lenie">Lenie</a> |
| 942 ## - ADDED ENTRY ELEMENTS (KOHA) | |
| Koha item type | |
| -- | BKL 959.915 R127a 2012 |
| Withdrawn status | Lost status | Damaged status | Not for loan | Home library | Current library | Shelving location | Date acquired | Total Checkouts | Full call number | Barcode | Date last seen | Copy number | Price effective from | Koha item type |
|---|---|---|---|---|---|---|---|---|---|---|---|---|---|---|
| Main Library | Main Library | Bikoliana Section | 05/12/2023 | BKL 959.915 R127a 2012 | 014387 | 05/12/2023 | 1-1 | 05/12/2023 | Books |